|
|
|
|
| LEADER |
00751nam a2200301 4500 |
| 001 |
DLU040028207 |
| 040 |
# |
# |
|a dlu
|b vie
|
| 041 |
# |
# |
|a eng
|
| 044 |
# |
# |
|a US
|
| 082 |
# |
# |
|a 658.82
|b KE-J
|
| 100 |
# |
# |
|a Kernan, Jerome B.
|
| 245 |
# |
# |
|a Promotion :
|b An Introductory Analysis/
|c Jerome B. Kernan, William P. Dommermuth, Montrose S. Sommers
|
| 260 |
# |
# |
|a New York :
|b McGraw-Hill Book Company,
|c 1970
|
| 300 |
# |
# |
|a 367p.;
|c 24cm.
|
| 504 |
# |
# |
|a Include index [p.357 - ]
|
| 700 |
# |
# |
|a Dommermuth, William P.
|
| 923 |
# |
# |
|a 5/2004
|
| 992 |
# |
# |
|a 7700
|
| 994 |
# |
# |
|a DLU
|
| 900 |
# |
# |
|a True
|
| 911 |
# |
# |
|a Lê Thị Mạnh Xuân
|
| 925 |
# |
# |
|a G
|
| 926 |
# |
# |
|a A
|
| 927 |
# |
# |
|a SH
|
| 980 |
# |
# |
|a Thư viện Trường Đại học Đà Lạt
|